| 000 | 00858nam a2200193 a 4500 | ||
|---|---|---|---|
| 001 | 000039223 | ||
| 005 | 20201002031541.0 | ||
| 008 | 130611s2004 sp 001 0 spa d | ||
| 020 | _a8400082192 | ||
| 100 | 1 |
_aGómez Aranda, Mariano _965427 |
|
| 245 | 1 | 3 |
_aEl comentario de Abraham Ibn Ezra al libro de Job / _cedición crítica, traducción y estudio introductiorio por Mariano Gómez Aranda. |
| 260 |
_aMadrid : _bConsejo Superior de Investigaciones Científicas. Instituto de Filología, _c2004. |
||
| 300 |
_aCXL, 342, 93-1 p. ; _c24 cm. |
||
| 490 | 1 |
_aLiteratura hispano -hebrea _v6 |
|
| 500 | _aIncluye referencias bibliográficas (CIII-CXVI) e índice Texto en español y hebreo | ||
| 710 | 2 |
_aConsejo Superior de Investigaciones Científicas. Instituto de Filología _965428 |
|
| 830 | 0 |
_aLiteratura hispano -hebrea _v6 _965429 |
|
| 999 |
_c38713 _d38713 |
||
| 040 | _aDO-SdBNP | ||